<?xml version="1.0" encoding="UTF-8"?>
<record
    xmlns:xsi="http://www.w3.org/2001/XMLSchema-instance"
    xsi:schemaLocation="http://www.loc.gov/MARC21/slim http://www.loc.gov/standards/marcxml/schema/MARC21slim.xsd"
    xmlns="http://www.loc.gov/MARC21/slim">

  <leader>00776nam a22002057a 4500</leader>
  <datafield tag="999" ind1=" " ind2=" ">
    <subfield code="c">7371</subfield>
    <subfield code="d">7371</subfield>
  </datafield>
  <controlfield tag="008">210928b           ||||| |||| 00| 0 eng d</controlfield>
  <datafield tag="020" ind1=" " ind2=" ">
    <subfield code="a">9788418525681</subfield>
  </datafield>
  <datafield tag="040" ind1=" " ind2=" ">
    <subfield code="a">CDMR</subfield>
  </datafield>
  <datafield tag="245" ind1=" " ind2=" ">
    <subfield code="a">La Comunicaci&#xF3;n audiovisual en tiempos de pandemia / </subfield>
    <subfield code="c">Miquel Franc&#xE9;s, Guillermo Orozco y Enrique Bustamante (coords.) </subfield>
  </datafield>
  <datafield tag="260" ind1=" " ind2=" ">
    <subfield code="a">[Barcelona] :</subfield>
    <subfield code="b">Gedisa,</subfield>
    <subfield code="c">2021</subfield>
  </datafield>
  <datafield tag="300" ind1=" " ind2=" ">
    <subfield code="a">438 p&#xE0;gines : il&#xB7;lustracions  ; </subfield>
    <subfield code="b">23 cm</subfield>
  </datafield>
  <datafield tag="490" ind1=" " ind2=" ">
    <subfield code="a">Comunicaci&#xF3;n ; </subfield>
    <subfield code="v">97</subfield>
  </datafield>
  <datafield tag="500" ind1=" " ind2=" ">
    <subfield code="a">Inclou notes i bibliografia al final de cada cap&#xED;tol </subfield>
  </datafield>
  <datafield tag="650" ind1=" " ind2="0">
    <subfield code="9">4656</subfield>
    <subfield code="a">COVID-19 (Malaltia)</subfield>
    <subfield code="x">Aspectes socials</subfield>
  </datafield>
  <datafield tag="650" ind1=" " ind2="0">
    <subfield code="9">2084</subfield>
    <subfield code="a">Comunicaci&#xF3; audiovisual</subfield>
    <subfield code="x">Aspectes socials</subfield>
  </datafield>
  <datafield tag="700" ind1="1" ind2=" ">
    <subfield code="9">3675</subfield>
    <subfield code="a">Orozco, Guillermo</subfield>
  </datafield>
  <datafield tag="700" ind1="1" ind2=" ">
    <subfield code="9">125</subfield>
    <subfield code="a">Bustamante, Enrique</subfield>
  </datafield>
  <datafield tag="700" ind1="1" ind2=" ">
    <subfield code="9">4667</subfield>
    <subfield code="a">Franc&#xE9;s, Miquel</subfield>
  </datafield>
  <datafield tag="942" ind1=" " ind2=" ">
    <subfield code="2">udc</subfield>
    <subfield code="c">MON</subfield>
  </datafield>
  <datafield tag="952" ind1=" " ind2=" ">
    <subfield code="0">0</subfield>
    <subfield code="1">0</subfield>
    <subfield code="2">udc</subfield>
    <subfield code="4">0</subfield>
    <subfield code="7">0</subfield>
    <subfield code="a">CDMR</subfield>
    <subfield code="b">CDMR</subfield>
    <subfield code="d">2021-09-28</subfield>
    <subfield code="e">Donaci&#xF3;</subfield>
    <subfield code="g">31.25</subfield>
    <subfield code="l">0</subfield>
    <subfield code="o">Cc 5/52</subfield>
    <subfield code="p">CDMR21090014</subfield>
    <subfield code="r">2021-09-28</subfield>
    <subfield code="w">2021-09-28</subfield>
    <subfield code="y">MON</subfield>
  </datafield>
</record>
